Možnosti zdokonaľovania výrobnej logistiky v rozvoji podniku diplomová práca

Enregistré dans:
Détails bibliographiques
Auteur principal: Popovičová, Katarína
Collectivité auteur: Fakulta podnikového manažmentu EU. Katedra manažmentu výroby a logistiky - zrušená
Autres auteurs: Dupaľ, Andrej
Format: Livre
Langue:slovaque
Publié: Bratislava 2018
Tags: Ajouter un tag
Pas de tags, Soyez le premier à ajouter un tag!

MARC

LEADER 00000nbm a2200000 4500
001 0244713
005 20181009130855.5
041 0 |a slo 
044 |a SK 
245 1 0 |a Možnosti zdokonaľovania výrobnej logistiky v rozvoji podniku  |b diplomová práca  |c Katarína Popovičová ; školiteľ: Andrej Dupaľ 
264 1 |a Bratislava  |c 2018 
300 |a 73 s. 
100 1 |a Popovičová, Katarína 
700 1 |a Dupaľ, Andrej 
710 2 |a Fakulta podnikového manažmentu EU. Katedra manažmentu výroby a logistiky - zrušená